Obras Félix Varela (Record no. 13437)

MARC details
000 -LEADER
campo de control de longitud fija 00802nam a2200265 a 4500
003 - IDENTIFICADOR DE NÚMERO DE CONTROL
campo de control AR-BaBNM
005 - FECHA Y HORA DE LA ÚLTIMA TRANSACCIÓN
campo de control 20251128205941.0
008 - DATOS DE LONGITUD FIJA--INFORMACIÓN GENERAL
campo de control de longitud fija 082120s2002 ||||||||||||||000 | spa||
020 ## - NÚMERO INTERNACIONAL ESTÁNDAR DEL LIBRO
Número Internacional Estándar del Libro 959-7047-10-1
040 ## - FUENTE DE CATALOGACIÓN
Centro/agencia transcriptor AR-BaBNM
245 00 - MENCIÓN DEL TÍTULO
Título Obras Félix Varela
Resto del título el que nos enseñó primero en pensar. 3
260 ## - PUBLICACIÓN, DISTRIBUCIÓN, ETC.
Lugar de publicación, distribución, etc. La Habana
Nombre del editor, distribuidor, etc. Imagen Contemporánea
-- Cultura Popular
Fecha de publicación, distribución, etc. 1997
300 ## - DESCRIPCIÓN FÍSICA
Extensión ix, 400 p.
650 #4 - PUNTO DE ACCESO ADICIONAL DE MATERIA--TÉRMINO DE MATERIA
Término de materia o nombre geográfico como elemento de entrada HISTORIA LATINOAMERICANA
650 #4 - PUNTO DE ACCESO ADICIONAL DE MATERIA--TÉRMINO DE MATERIA
Término de materia o nombre geográfico como elemento de entrada INDEPENDENCIA
650 #4 - PUNTO DE ACCESO ADICIONAL DE MATERIA--TÉRMINO DE MATERIA
Término de materia o nombre geográfico como elemento de entrada REVOLUCION
650 #4 - PUNTO DE ACCESO ADICIONAL DE MATERIA--TÉRMINO DE MATERIA
Término de materia o nombre geográfico como elemento de entrada MOVIMIENTOS EMANCIPADORES LATINOAMERICANOS
650 #4 - PUNTO DE ACCESO ADICIONAL DE MATERIA--TÉRMINO DE MATERIA
Término de materia o nombre geográfico como elemento de entrada HISTORIA POLITICA
651 #4 - PUNTO DE ACCESO ADICIONAL DE MATERIA--NOMBRE GEOGRÁFICO
Nombre geográfico Cuba
700 1# - ENTRADA AGREGADA--NOMBRE PERSONAL
Nombre de persona Torres-Cuevas, Eduardo
Término indicativo de función/relación compilador
700 1# - ENTRADA AGREGADA--NOMBRE PERSONAL
Nombre de persona Ibarra Cuesta, Jorge
Término indicativo de función/relación compilador
700 1# - ENTRADA AGREGADA--NOMBRE PERSONAL
Nombre de persona García Rodríguez, Mercedes
Término indicativo de función/relación compilador
942 ## - ELEMENTOS DE ENTRADA SECUNDARIOS (KOHA)
Tipo de ítem Koha Libros
998 ## - INFORMACIÓN DE CONTROL LOCAL (RLIN)
Iniciales del catalogador, CIN (RLIN) Mariana
Holdings
Estatus retirado Estado de pérdida Fuente de la clasificación o esquema de estantería Estado de daño Restricciones de uso No para préstamo Biblioteca de origen Biblioteca actual Fecha de adquisición Total de préstamos Signatura topográfica completa Código de barras Visto por última vez Precio de reemplazo Tipo de ítem Koha
    Clasificación Decimal Dewey   Acceso restringido No para préstamo Liberty Liberty 28/11/2025   972 TOR 3 114560 28/11/2025 28/11/2025 Libros